|
|
|
|
| LEADER |
00937nam a2200205 a 4500 |
| 001 |
GR-MES3109 |
| 008 |
991111s19uu gr 000 0 gre d |
| 040 |
|
|
|a GrPaTEI
|b gre
|c GR-PaULI
|
| 245 |
0 |
0 |
|a Μαθήματα υδραυλικής :
|b 2.κλειστοί αγωγοί σταθερή ροή-υδραυλικό πλήγμα-προβλήματα.
|
| 260 |
|
|
|a Αθήνα :
|b Ζήτη,
|c [19--]
|
| 300 |
|
|
|a 333σελ. :
|b πιν.,σχημ.
|
| 500 |
|
|
|a Περιέχει βιβλιογραφία και παραρτήματα
|
| 650 |
|
4 |
|a Κλειστοί αγωγοί
|
| 650 |
|
4 |
|a ΥΔΡΑΥΛΙΚΗ
|
| 700 |
1 |
|
|a Τερζίδης, Γ.
|
| 710 |
0 |
|
|a Ζήτη
|
| 942 |
|
|
|2 ddc
|
| 952 |
|
|
|0 0
|1 0
|2 ddc
|4 0
|6 532_000000000000000_ΤΕΡ
|7 0
|9 267640
|a MSLG
|b MSLG
|c BSC
|d 2021-01-17
|e 24
|f 0
|g 0.00
|l 0
|o 532 ΤΕΡ
|p 2420000007259
|r 2021-01-17 00:00:00
|t 1
|w 2021-01-17
|y BK15
|x 19991111 0 1
|x GrPaTEI
|
| 971 |
|
|
|a .b25741548
|b 16-04-20
|c 13-09-16
|
| 999 |
|
|
|c 154096
|d 154096
|